Department of Homeland Security bioterrorism risk assessment (Record no. 23650)
[ view plain ]
| 000 -LEADER | |
|---|---|
| fixed length control field | 01792nam a2200325Ia 4500 |
| 245 00 - TITLE STATEMENT | |
| Title | Department of Homeland Security bioterrorism risk assessment |
| 260 ## - PUBLICATION, DISTRIBUTION, ETC. (IMPRINT) | |
| Place of publication | Washington, D. C. : |
| Name of publisher | National Academies Press, |
| Year of publication | 2008. |
| 300 ## - PHYSICAL DESCRIPTION | |
| Number of Pages | xiii, 157 p. : |
| Other physical details | ill. |
| 500 ## - GENERAL NOTE | |
| General note | "Committee on Methodological Improvements to the Department of Homeland Security's Biological Agent Risk Analysis, Board on Mathematical Science and their Applications Division on Engineering and Physical Sciences, Board on Life Sciences Division on Earth and Life Studies, National Research Council of the National Academies". |
| 650 #0 - SUBJECT ADDED ENTRY--TOPICAL TERM | |
| Topical Term | Bioterrorism |
| Topical Term | Bioterrorism |
| 856 40 - ELECTRONIC LOCATION AND ACCESS | |
| Uniform Resource Identifier | http://site.ebrary.com/lib/rucke/Doc?id=10267572 |
No items available.
